UBT Library

fundamentals of teaching home science (Record no. 43166)

000 -LEADER
fixed length control field 00281nam a22001217a 4500
008 - FIXED-LENGTH DATA ELEMENTS--GENERAL INFORMATION
fixed length control field 180222b xxu||||| |||| 00| 0 eng d
041 ## - LANGUAGE CODE
Language code of text/sound track or separate title eng
080 ## - UNIVERSAL DECIMAL CLASSIFICATION NUMBER
Universal Decimal Classification number 31
100 ## - Rafti
Rafti 48
101 ## - Shkurtesa
Shkurtesa edu
245 ## - TITLE STATEMENT
Title fundamentals of teaching home science
Statement of responsibility, etc arvinda.ch
942 ## - ADDED ENTRY ELEMENTS (KOHA)
Source of classification or shelving scheme
Item type Books

No items available.

UBT Library © 2015-2024. All rights reserved University Education for Business and Technology